Increíblemente simple: la obsesión que ha llevado a Apple al éxito

-д хадгалсан:
Номзүйн дэлгэрэнгүй
Үндсэн зохиолч: Segall, Ken (Зохиогч)
Формат: Ном
Хэл сонгох:испани
Хэвлэсэн: Barcelona Centro Libros 2012
Хэвлэл:1a. ed
Нөхцлүүд:
Шошгууд: Шошго нэмэх
Шошго байхгүй, Энэхүү баримтыг шошголох эхний хүн болох!

MARC

LEADER 00000cam a2200000 a 4500
001 UCD8994
003 CL-VaPUC
008 170602e20120000sp |||||||||||||||||spa|d
020 |a 9788498752120 
082 0 4 |a 658.4  |b SEG  |2 21 
100 0 |a Segall, Ken  |e author  |9 592638 
245 1 0 |a Increíblemente simple: la obsesión que ha llevado a Apple al éxito 
250 |a 1a. ed 
300 |a 249 p 
942 |c BK 
945 |d 20170602 23:29:00  |a dcastane 
260 |a Barcelona  |b Centro Libros  |c 2012 
650 0 |a Ventas  |9 259323 
650 0 |a Computadores  |9 258188 
650 0 |a Corporaciones  |9 257298 
650 0 |a Marketing  |9 259324 
583 |a last modification  |c 20170602 23:29:00  |k Rodrigo Vera 
999 |c 368299  |d 368297